000 00945cam a22002413a 4500
001 7431
003 PGUSA
005 20140828083144.0
008 050201s2005||||xxu|||||s|||||000 e eng d
040 _aPGUSA
_beng
042 _adc
050 4 _aPS
100 1 _aHawthorne, Julian,
_d1846-1934
245 1 0 _aConfessions and Criticisms
_h[electronic resource] /
_cJulian Hawthorne
260 _bProject Gutenberg,
_c2005
505 0 _aA preliminary confession -- Novels and agnosticism -- Americanism in fiction -- Literature for children -- The moral aim in fiction -- The maker of many books -- Mr. Mallock's missing science -- Theodore Winthrop's writings -- Emerson as an American -- Modern magic -- American wild animals in art.
506 _aPublic domain in the USA.
516 _aElectronic text
653 _aAmerican essays
830 0 _aProject Gutenberg
_v7431
856 4 0 _uhttp://www.gutenberg.org/ebooks/7431
942 _cEB
999 _c236751
_d236751